La série "Le Flambeau". - Statistiques

Statistiques générales
  • Ce quiz a été pris 1 399 fois
  • Le résultat moyen est 12 sur 22
Statistiques - réponses
Question Réponse % Correct
De quelle série le Flambeau est-elle la suite ? La flamme
99%
Quel émission connue parodie-t-elle ? Koh-Lanta
95%
Quel est le "métier" de William ? Influenceur
74%
Quel célèbre youtubeur va faire éliminer William lors de l’épreuve du "Uno, dos, tres, el sol". Squeezie
74%
Quel est le nom de la première tribu dont fait partie Marc ? Les Nullos
72%
Qui est souvent insulté à cause de son apparence négligé ou de son odeur ? Annick
68%
On découvre le personnage de Carole. De qui est-elle l'ex femme ? Tony Tonic
66%
Le docteur Juiphe va révéler à Anne le thème d'une épreuve, ce qui va être le motif de son élimination. Que doit-elle fabriquer ? Un radeau
65%
Marina à changer d'emploi. Dans quel domaine travaille-t-elle ? Police
64%
Lors de l'épreuve dans l'eau, les 2 équipes semblent avoir la même maladie. Quelle est-elle ? La tourista
62%
Quel personnage, décédée dans la flamme, fait une surprenante réapparition ? Soraya
58%
Qui forme le trio des "Marc" avec Marc et William ? Alexandra
56%
Avec qui Philippe va-t-il vivre une histoire d'amour ? Patrick dit Patoche
53%
Et le nom de la tribu rivale ? Les mojitos
51%
Personnage "un peu complotiste", il ne veut pas donner son âge. Qui est-il ? Yvan
41%
Qui est le premier personnage éliminé ? Chataléré
37%
Un personnage fait son apparition dans le dernier épisode, connu de tous sauf de Marc. Quel est son nom ? Jean-Guy
36%
Quelle somme folle sera remis au gagnant ? 450 €
33%
Un ancien personnage de la première saison est en fait le producteur de cette série. Qui est-ce ? José
30%
Quel est le nom de la "secte" dont fait partie Hervé ? Les Enfants de Saint-Jean-de-Luz
25%
Quel est le nom de la série dans laquelle joue Marc après son enlèvement ? "Donde esta mi bandera"
9%
Quel véhicule gagne Marc dans l'épreuve de questions-réponses ? Seat Ateca
3%
Aucun quiz correspondant
Distribution des résultats
% des personnes avec chaque résultat
Percentile par nombre de réponses
Votre historique - résultats
Vous n’avez pas pris ce quiz